[Event "Manitoba op"]
[Site "Winnipeg CAN"]
[Date "2025.05.10"]
[Round "2.10"]
[White "Hui, Zelus"]
[Black "Minano, John"]
[Result "1-0"]
[WhiteElo "1829"]
[BlackElo "1772"]
[WhiteFideId "-1"]
[WhiteFideId "-1"]
[PlyCount "47"]
[GameId "2183595119831548"]
[EventDate "2025.05.09"]
[EventType "swiss"]
[EventRounds "5"]
[EventCountry "CAN"]

1. c4 f5 2. g3 Nf6 3. Bg2 e6 4. Nc3 Be7 5. e3 O-O 6. Nge2 d6 7. d4 Qe8 8. Qb3 c6 9. O-O Kh8 10. e4 fxe4 11. Nxe4 Nxe4 12. Bxe4 Nd7 13. Nf4 Nf6 14. Bg2 e5 15. dxe5 dxe5 16. Nd3 Qh5 17. Re1 Ng4 18. h3 Nxf2 19. Nxf2 Bc5 20. Be3 Bd6 21. Rad1 Bc7 22. Qa3 Be6 23. Qe7 Bb6 24. Bxb6 1-0

[Event "Manitoba op"]
[Site "Winnipeg CAN"]
[Date "2025.05.10"]
[Round "3.1"]
[White "Jodar, Marlon"]
[Black "Villamar, Eros"]
[Result "1-0"]
[WhiteElo "2317"]
[BlackElo "1790"]
[WhiteFideId "-1"]
[WhiteFideId "-1"]
[PlyCount "119"]
[GameId "2183595119831549"]
[EventDate "2025.05.09"]
[EventType "swiss"]
[EventRounds "5"]
[EventCountry "CAN"]

1. e4 e6 2. d4 d5 3. Nc3 Bb4 4. e5 c5 5. a3 Bxc3+ 6. bxc3 Nc6 7. Qg4 g6 8. Nf3 Qa5 9. Bd2 Qa4 10. Ra2 Bd7 11. Qf4 h6 12. dxc5 Qxf4 13. Bxf4 Nge7 14. Bd3 Rc8 15. h4 Na5 16. Be3 Nf5 17. Bd4 Ne7 18. Ke2 Nec6 19. Rb2 Ke7 20. h5 gxh5 21. Rxh5 Nxd4+ 22. cxd4 Bc6 23. Nd2 Rcg8 24. g3 a6 25. Rb4 f6 26. exf6+ Kxf6 27. Nf3 Be8 28. Rh4 Bg6 29. Rf4+ Bf5 30. Bxf5 exf5 31. Rb6+ Nc6 32. Rxb7 Rg4 33. Rb6 Re8+ 34. Ne5 Rxf4 35. gxf4 Kg7 36. Rxc6 h5 37. Rg6+ Kh7 38. Rg5 Kh6 39. Kf3 h4 40. Rxf5 a5 41. Kg4 a4 42. Kxh4 Rb8 43. Rf6+ Kg7 44. Rb6 Rf8 45. Kg5 Kg8 46. f5 Rc8 47. Kg6 Kh8 48. f6 Rg8+ 49. Kf5 Kh7 50. Rb7+ Kh6 51. Ng4+ Rxg4 52. Kxg4 Kg6 53. f7 Kg7 54. Kf5 Kf8 55. Ke6 Kg7 56. f8=Q+ Kxf8 57. Ra7 Kg8 58. Kf6 Kh8 59. Kg6 Kg8 60. Ra8# 1-0

[Event "Manitoba op"]
[Site "Winnipeg CAN"]
[Date "2025.05.10"]
[Round "3.2"]
[White "Klusa, Mark"]
[Black "Anderson, Collin"]
[Result "1-0"]
[WhiteElo "2074"]
[BlackElo "2251"]
[WhiteFideId "-1"]
[WhiteFideId "-1"]
[PlyCount "57"]
[GameId "2183595119831550"]
[EventDate "2025.05.09"]
[EventType "swiss"]
[EventRounds "5"]
[EventCountry "CAN"]

1. e4 c5 2. c3 Nf6 3. e5 Nd5 4. Nf3 Nc6 5. Bc4 Nb6 6. Bb3 c4 7. Bc2 d6 8. exd6 e5 9. O-O Bxd6 10. b3 O-O 11. Na3 Be6 12. Qe2 cxb3 13. axb3 Nd5 14. Nc4 Nf4 15. Qe3 Bd5 16. Nxd6 Qxd6 17. Ba3 Qf6 18. Bxf8 Rxf8 19. Be4 Bxb3 20. Bxc6 bxc6 21. Qxe5 Qh6 22. Qg5 Qd6 23. Rxa7 Bd5 24. Nh4 Ne6 25. Nf5 Qb8 26. Qe3 c5 27. Rfa1 Bb7 28. Qg3 Nf4 29. Qxg7# 1-0

[Event "Manitoba op"]
[Site "Winnipeg CAN"]
[Date "2025.05.10"]
[Round "3.3"]
[White "Babb, Jeff"]
[Black "Stordeur, Jackson"]
[Result "1/2-1/2"]
[WhiteElo "2036"]
[BlackElo "2018"]
[WhiteFideId "-1"]
[WhiteFideId "-1"]
[PlyCount "133"]
[GameId "2183595119831551"]
[EventDate "2025.05.09"]
[EventType "swiss"]
[EventRounds "5"]
[EventCountry "CAN"]

1. f4 d5 2. Nf3 Nf6 3. g3 g6 4. Bg2 Bg7 5. O-O O-O 6. d3 c5 7. c3 Nc6 8. Na3 a6 9. Qe1 d4 10. e4 dxe3 11. Bxe3 Qxd3 12. Rd1 Qf5 13. Nh4 Qe6 14. Bxc5 Qxa2 15. Rf2 Bg4 16. Nf3 Rfe8 17. h3 Bxf3 18. Bxf3 e5 19. Bxc6 bxc6 20. fxe5 Nh5 21. Re2 Qe6 22. Kg2 Rad8 23. Rxd8 Rxd8 24. Qf2 Qd5+ 25. Kh2 Bxe5 26. Rxe5 Qxe5 27. Bd4 Qe4 28. b4 Re8 29. Nc4 Qe2 30. Nd6 Qxf2+ 31. Bxf2 Re2 32. Kg2 Nf6 33. Kf3 Rd2 34. Bd4 Rxd4 35. cxd4 Nd5 36. Ke4 Nxb4 37. Ke5 a5 38. Nc4 a4 39. Na3 f5 40. Kd6 Kf7 41. Kc5 Nd5 42. Kxc6 Ke6 43. Nb5 g5 44. Kc5 f4 45. gxf4 gxf4 46. Kc4 Nf6 47. Kd3 Ne8 48. Nc3 a3 49. Ke4 Nf6+ 50. Kf3 Nd5 51. Na2 Kf5 52. h4 h5 53. Nc1 Nc3 54. Nb3 a2 55. Na1 Nb5 56. Nb3 Nxd4+ 57. Nxd4+ Ke5 58. Nc2 Kd6 59. Kxf4 Kc5 60. Ke3 Kc4 61. Kd2 Kb3 62. Kc1 Kc3 63. Na1 Kd3 64. Kb2 Ke3 65. Nb3 Kf3 66. Nd4+ Kg3 67. Ne6 1/2-1/2

[Event "Manitoba op"]
[Site "Winnipeg CAN"]
[Date "2025.05.10"]
[Round "3.4"]
[White "Nagelberg, Alan"]
[Black "Zhou, Joe"]
[Result "1-0"]
[WhiteElo "2035"]
[BlackElo "1894"]
[WhiteFideId "-1"]
[WhiteFideId "-1"]
[PlyCount "55"]
[GameId "2183595119831552"]
[EventDate "2025.05.09"]
[EventType "swiss"]
[EventRounds "5"]
[EventCountry "CAN"]

1. c4 e5 2. Nc3 Nc6 3. g3 f5 4. Bg2 Nf6 5. d3 Bc5 6. Nf3 d6 7. Na4 Bb4+ 8. Bd2 Bxd2+ 9. Qxd2 Bd7 10. Nc3 Rb8 11. O-O O-O 12. Rab1 a6 13. b4 Ne7 14. b5 axb5 15. Nxb5 Bc6 16. Rb2 Ra8 17. Rfb1 Qd7 18. e3 h6 19. Qe2 g5 20. d4 Bxf3 21. Bxf3 e4 22. Bg2 g4 23. d5 b6 24. Nd4 Ra3 25. Rb3 Rfa8 26. Rxa3 Rxa3 27. Qb2 Qa4 28. Nb5 1-0

[Event "Manitoba op"]
[Site "Winnipeg CAN"]
[Date "2025.05.10"]
[Round "3.5"]
[White "Punay, Rhailey"]
[Black "Hamm, Gabriel"]
[Result "0-1"]
[WhiteElo "1845"]
[BlackElo "2003"]
[WhiteFideId "-1"]
[WhiteFideId "-1"]
[PlyCount "128"]
[GameId "2183595119831553"]
[EventDate "2025.05.09"]
[EventType "swiss"]
[EventRounds "5"]
[EventCountry "CAN"]

1. e4 e5 2. Nf3 Nc6 3. Bc4 Bc5 4. c3 Nf6 5. d4 exd4 6. e5 d5 7. Bb5 Ne4 8. cxd4 Bb6 9. Nbd2 O-O 10. Nb3 f6 11. O-O fxe5 12. Bxc6 bxc6 13. Nxe5 Ba6 14. Nd3 Qf6 15. Be3 Bc4 16. f3 Nd6 17. Nbc5 Bxc5 18. dxc5 Nf5 19. Bf2 Rfe8 20. b3 Ba6 21. Qd2 d4 22. Rfe1 Ne3 23. Nb4 Bb7 24. Nc2 Rad8 25. Nb4 Qg5 26. Bg3 Qxc5 27. Bxc7 Rd7 28. Rac1 Qe7 29. Bf4 Qf7 30. Bg3 Qg6 31. Rc5 Qf6 32. Rec1 Re6 33. Nd3 Rd5 34. Rxd5 Nxd5 35. Nc5 Re7 36. Nxb7 Rxb7 37. Bf2 Nc3 38. Bxd4 Qxd4+ 39. Qxd4 Ne2+ 40. Kf2 Nxd4 41. Ke3 Nf5+ 42. Kf4 Ne7 43. Rd1 Ng6+ 44. Kg4 Kf7 45. g3 Ke6 46. f4 Ne7 47. Rd4 Nd5 48. Kf3 Rb4 49. Rd2 a5 50. Re2+ Kd7 51. Rd2 a4 52. Rd3 axb3 53. axb3 Kd6 54. Kg4 Ke6 55. Kg5 Re4 56. Rd1 Re2 57. f5+ Kf7 58. Rc1 Ne7 59. Rb1 Rxh2 60. b4 Rf2 61. g4 Nd5 62. b5 Rh2 63. f6 g6 64. Rb2 h6# 0-1

[Event "Manitoba op"]
[Site "Winnipeg CAN"]
[Date "2025.05.10"]
[Round "3.6"]
[White "Currie, James"]
[Black "Hui, Zelus"]
[Result "1-0"]
[WhiteElo "1960"]
[BlackElo "1829"]
[WhiteFideId "-1"]
[WhiteFideId "-1"]
[PlyCount "59"]
[GameId "2183595119831554"]
[EventDate "2025.05.09"]
[EventType "swiss"]
[EventRounds "5"]
[EventCountry "CAN"]

1. e4 e6 2. d3 d5 3. Nd2 dxe4 4. dxe4 c5 5. Ngf3 Nf6 6. e5 Nd5 7. Ne4 Nc6 8. a3 Be7 9. c4 Nb6 10. Qxd8+ Nxd8 11. Bg5 Bxg5 12. Nfxg5 Nd7 13. O-O-O O-O 14. f4 Nc6 15. Nf3 b6 16. Nd6 Rd8 17. Bd3 h6 18. Be4 Ndb8 19. g4 a6 20. h4 Ra7 21. h5 Rdd7 22. g5 hxg5 23. Nxg5 Nd4 24. h6 gxh6 25. Rxh6 Nbc6 26. Rdh1 Nf5 27. Rh8+ Kg7 28. R8h7+ Kg8 29. Bxc6 Re7 30. Rh8+ 1-0

[Event "Manitoba op"]
[Site "Winnipeg CAN"]
[Date "2025.05.10"]
[Round "3.7"]
[White "Pottinger, Carl"]
[Black "Bilugan, Mason"]
[Result "0-1"]
[WhiteElo "1781"]
[BlackElo "1931"]
[WhiteFideId "-1"]
[WhiteFideId "-1"]
[PlyCount "92"]
[GameId "2183595119831555"]
[EventDate "2025.05.09"]
[EventType "swiss"]
[EventRounds "5"]
[EventCountry "CAN"]

1. d4 Nf6 2. Bf4 d6 3. Nc3 Nbd7 4. e4 c5 5. dxc5 Nxc5 6. f3 g6 7. Qd2 Be6 8. O-O-O Qa5 9. Kb1 Bg7 10. Nge2 O-O 11. Nd5 Qd8 12. Nec3 Bxd5 13. exd5 a6 14. Bh6 b5 15. Bxg7 Kxg7 16. h4 b4 17. Ne2 h5 18. Qxb4 Rb8 19. Qd4 Qa5 20. g4 Rb4 21. c4 Rfb8 22. Rd2 Rxc4 23. Qxc4 Qxd2 24. Qc3 Qxc3 25. Nxc3 hxg4 26. fxg4 Nxg4 27. Rg1 Nf6 28. Be2 Kh6 29. a3 a5 30. Nd1 Nce4 31. Ne3 Nc3+ 32. Ka1 Nxe2 33. Re1 Nf4 34. Nc4 N6xd5 35. Nxa5 Kh5 36. Nc6 Rc8 37. Nd4 Kxh4 38. b4 Ra8 39. Nc2 g5 40. Ka2 g4 41. b5 Nd3 42. Rh1+ Kg3 43. Rh7 f6 44. Nd4 Kf4 45. Rg7 e5 46. Ne6+ Kf3 0-1

[Event "Manitoba op"]
[Site "Winnipeg CAN"]
[Date "2025.05.10"]
[Round "3.8"]
[White "Wang, Lucas"]
[Black "Ghobrial, Youssef"]
[Result "0-1"]
[WhiteElo "1802"]
[BlackElo "1814"]
[WhiteFideId "-1"]
[WhiteFideId "-1"]
[PlyCount "80"]
[GameId "2183595119831556"]
[EventDate "2025.05.09"]
[EventType "swiss"]
[EventRounds "5"]
[EventCountry "CAN"]

1. d4 Nf6 2. c4 e6 3. Nc3 Bb4 4. Nf3 d5 5. Bg5 O-O 6. e3 h6 7. Bxf6 Qxf6 8. Be2 b6 9. cxd5 exd5 10. O-O Bxc3 11. bxc3 Bf5 12. Ne5 Nd7 13. f4 Nxe5 14. fxe5 Qg5 15. Rf3 Be4 16. Rg3 Qe7 17. Bf3 f5 18. Qb3 c6 19. Rg6 Rac8 20. Qa4 Bxf3 21. gxf3 Qf7 22. Rxc6 Qd7 23. Rc4 b5 24. Rxc8 bxa4 25. Rxf8+ Kxf8 26. Kf2 Qc6 27. Rc1 Qc4 28. Rc2 a5 29. f4 Qd3 30. Re2 Qxc3 31. Kf3 Kf7 32. Kf2 g5 33. Kf3 g4+ 34. Kg3 Qd3 35. Kf2 h5 36. Kf1 h4 37. Kf2 g3+ 38. hxg3 hxg3+ 39. Kf3 Qd1 40. e4 dxe4+ 0-1

[Event "Manitoba op"]
[Site "Winnipeg CAN"]
[Date "2025.05.10"]
[Round "3.9"]
[White "Gres, Yakiv"]
[Black "Miao, Yupeng"]
[Result "1/2-1/2"]
[WhiteElo "2006"]
[BlackElo "1773"]
[WhiteFideId "-1"]
[WhiteFideId "-1"]
[PlyCount "80"]
[GameId "2183595120101893"]
[EventDate "2025.05.09"]
[EventType "swiss"]
[EventRounds "5"]
[EventCountry "CAN"]

1. e4 e5 2. Nf3 Nc6 3. Bb5 a6 4. Ba4 Nf6 5. O-O Nxe4 6. d4 b5 7. Bb3 d5 8. Re1 Be6 9. c3 exd4 10. cxd4 Be7 11. Nc3 Nxc3 12. bxc3 O-O 13. Qd3 Bf6 14. Bf4 g6 15. Ne5 Nxe5 16. Bxe5 Bg7 17. Qg3 Rc8 18. h4 Bxe5 19. Rxe5 c5 20. h5 Qf6 21. Rae1 Qg7 22. hxg6 hxg6 23. Rxe6 c4 24. Rxa6 cxb3 25. axb3 b4 26. cxb4 Qxd4 27. b5 Rc3 28. Qe5 Qxe5 29. Rxe5 Rxb3 30. Rxd5 Rb8 31. Ra5 Rb1+ 32. Kh2 Rb3 33. f3 Kg7 34. Kg3 Rb2 35. f4 Rb3+ 36. Kf2 Kf6 37. Re5 Rc8 38. Ra6+ Kg7 39. Rb6 Rc2+ 40. Re2 Rc5 1/2-1/2

[Event "Manitoba op"]
[Site "Winnipeg CAN"]
[Date "2025.05.10"]
[Round "4.1"]
[White "Klusa, Mark"]
[Black "Jodar, Marlon"]
[Result "1/2-1/2"]
[WhiteElo "2074"]
[BlackElo "2317"]
[WhiteFideId "-1"]
[WhiteFideId "-1"]
[PlyCount "155"]
[GameId "2183595120101894"]
[EventDate "2025.05.09"]
[EventType "swiss"]
[EventRounds "5"]
[EventCountry "CAN"]

1. e4 c5 2. c3 d5 3. exd5 Qxd5 4. Nf3 Nf6 5. d4 e6 6. Be2 Nc6 7. O-O Be7 8. dxc5 Qxd1 9. Rxd1 Bxc5 10. Nbd2 O-O 11. Nb3 Bb6 12. Bf4 Ne4 13. Nbd4 Nxd4 14. cxd4 Rd8 15. Rac1 Nf6 16. Bc7 Bxc7 17. Rxc7 Nd5 18. Rcc1 b6 19. Ne5 Bb7 20. Bf3 Rac8 21. Nc4 Rd7 22. Ne3 Rdc7 23. Rxc7 Rxc7 24. Bxd5 Bxd5 25. b3 Kf8 26. f4 Be4 27. Kf2 Ke7 28. g3 Rc3 29. Ke2 Kd6 30. Rd2 b5 31. g4 b4 32. g5 Bg6 33. Kf3 Bh5+ 34. Ke4 Bg6+ 35. f5 exf5+ 36. Nxf5+ Bxf5+ 37. Kxf5 Kd5 38. Re2 Rc7 39. Re4 g6+ 40. Kf4 Rc2 41. Re5+ Kxd4 42. Ra5 Rxh2 43. Rxa7 Rf2+ 44. Kg4 Kc3 45. Rc7+ Kb2 46. Rc4 f6 47. gxf6 Rxf6 48. Rxb4 Kxa2 49. Kg5 Rf5+ 50. Kg4 Ka3 51. Rb7 h5+ 52. Kh4 Rf4+ 53. Kg3 Rb4 54. Rg7 Rg4+ 55. Kf3 Kxb3 56. Rg8 Kc3 57. Rd8 Rg1 58. Kf2 Rg5 59. Rd7 h4 60. Rh7 Rg4 61. Kf3 Rg3+ 62. Kf2 g5 63. Rd7 g4 64. Rh7 Rf3+ 65. Kg2 h3+ 66. Kh2 Rf2+ 67. Kg1 Ra2 68. Rh4 Rg2+ 69. Kh1 Rg3 70. Kh2 Rg2+ 71. Kh1 Kd4 72. Rxh3 Re2 73. Rh4 Re4 74. Kg2 Ke5 75. Kg3 Kf5 76. Rh5+ Kg6 77. Rh8 Re3+ 78. Kxg4 1/2-1/2

[Event "Manitoba op"]
[Site "Winnipeg CAN"]
[Date "2025.05.11"]
[Round "4.2"]
[White "Anderson, Collin"]
[Black "Ghobrial, Youssef"]
[Result "1-0"]
[WhiteElo "2251"]
[BlackElo "1814"]
[WhiteFideId "-1"]
[WhiteFideId "-1"]
[PlyCount "69"]
[GameId "2183595120101895"]
[EventDate "2025.05.09"]
[EventType "swiss"]
[EventRounds "5"]
[EventCountry "CAN"]

1. e4 e6 2. d4 d5 3. e5 c5 4. c3 Nc6 5. Nf3 cxd4 6. cxd4 Nge7 7. Bd3 Bd7 8. O-O Qb6 9. Nc3 Nxd4 10. Nxd4 Qxd4 11. Nb5 Qxe5 12. Re1 Qb8 13. Qh5 a6 14. Nd4 g6 15. Qh4 Bg7 16. Bh6 Bxh6 17. Qxh6 Qd6 18. Rac1 Nc6 19. Qg7 Rf8 20. Nxc6 Bxc6 21. Qxh7 O-O-O 22. h3 Kb8 23. Qg7 Rc8 24. Rcd1 Qf4 25. g3 Qf3 26. Qe5+ Ka7 27. Qd4+ b6 28. Bf1 Qh5 29. a4 Rb8 30. a5 Rfe8 31. Ra1 e5 32. axb6+ Ka8 33. Rxa6+ Kb7 34. Ra7+ Kc8 35. Qc5 1-0

[Event "Manitoba op"]
[Site "Winnipeg CAN"]
[Date "2025.05.10"]
[Round "4.3"]
[White "Bilugan, Mason"]
[Black "Nagelberg, Alan"]
[Result "0-1"]
[WhiteElo "1931"]
[BlackElo "2035"]
[WhiteFideId "-1"]
[WhiteFideId "-1"]
[PlyCount "60"]
[GameId "2183595120110088"]
[EventDate "2025.05.09"]
[EventType "swiss"]
[EventRounds "5"]
[EventCountry "CAN"]

1. Nf3 d5 2. e3 c5 3. b3 g6 4. Bb2 Nf6 5. Bb5+ Bd7 6. Bxd7+ Nbxd7 7. O-O Bg7 8. d4 O-O 9. c4 dxc4 10. bxc4 Ne4 11. Qb3 b6 12. Rd1 Qc7 13. Nbd2 Nxd2 14. Rxd2 Nf6 15. d5 Ne4 16. Rd3 f6 17. Rad1 Rfd8 18. Nd2 Nd6 19. e4 Rab8 20. a4 Qd7 21. f4 a6 22. e5 fxe5 23. fxe5 Nf5 24. Ne4 Nd4 25. Bxd4 cxd4 26. e6 Qc7 27. Rh3 Rbc8 28. Nd2 Rf8 29. Rb1 Qf4 30. Nf1 Qf2+ 0-1

[Event "Manitoba op"]
[Site "Winnipeg CAN"]
[Date "2025.05.11"]
[Round "4.4"]
[White "Stordeur, Jackson"]
[Black "Currie, James"]
[Result "1/2-1/2"]
[Annotator "aboro"]
[WhiteElo "2018"]
[BlackElo "1960"]
[WhiteFideId "-1"]
[WhiteFideId "-1"]
[PlyCount "157"]
[GameId "2183595120110089"]
[EventDate "2025.05.09"]
[EventType "swiss"]
[EventRounds "5"]
[EventCountry "CAN"]

1. e4 d5 2. exd5 Nf6 3. d4 Nxd5 4. c4 Nb4 5. a3 N4a6 6. Nc3 g6 7. Nf3 Bg7 8. Be2 O-O 9. O-O Nd7 10. Be3 c6 11. h3 Nc7 12. Qc2 e5 13. Rad1 Qe7 14. Rfe1 h6 15. dxe5 Nxe5 16. Nxe5 Qxe5 17. Bd4 Qg5 18. Ne4 Bf5 19. Bxg7 Bxe4 20. Qxe4 Kxg7 21. Rd7 Rae8 22. Qd4+ Kg8 23. Rxc7 Qa5 24. Rf1 Qxc7 25. Bf3 a6 26. b4 Qe7 27. Qb6 Rd8 28. a4 Rd3 29. b5 Rb3 30. Rd1 axb5 31. cxb5 Qg5 32. Kh1 cxb5 33. Bd5 Rb4 34. axb5 Rb2 35. Bxb7 Qxb5 36. Qxb5 Rxb5 37. Bf3 Rb6 38. Be4 Rf6 39. Rd2 Re8 40. Bf3 Kg7 41. Rd1 Rb8 42. Kg1 Rb2 43. Ra1 Rd6 44. Rf1 Rdd2 45. Bd5 Kf6 46. Bc6 h5 47. Bf3 Kg5 48. Bc6 Rb6 49. Bf3 Rf6 50. Be4 Rf4 51. Bc6 Rfd4 52. Bf3 Rc4 53. Kh2 Kh6 54. g3 h4 55. gxh4 Rxh4 56. Bg4 f5 57. Kg3 Rd3+ 58. Bf3 Rxh3+ 59. Kxh3 Rxf3+ 60. Kg2 Ra3 61. Rb1 Kh5 62. Rc1 Kg4 63. Rc4+ f4 64. Rb4 g5 65. Rc4 Ra5 66. Rb4 Rf5 67. f3+ Kh5 68. Rb8 Ra5 69. Rh8+ Kg6 70. Rb8 Ra2+ 71. Kf1 Kf6 72. Re8 Kf5 73. Kg1 g4 74. Rc8 Ke5 75. fxg4 Ke4 76. Rb8 Kf3 77. Rb3+ Kxg4 78. Kf1 f3 79. Rb8 1/2-1/2

[Event "Manitoba op"]
[Site "Winnipeg CAN"]
[Date "2025.05.11"]
[Round "4.5"]
[White "Hamm, Gabriel"]
[Black "Villamar, Eros"]
[Result "1/2-1/2"]
[WhiteElo "2003"]
[BlackElo "1790"]
[WhiteFideId "-1"]
[WhiteFideId "-1"]
[PlyCount "150"]
[GameId "2183595120110090"]
[EventDate "2025.05.09"]
[EventType "swiss"]
[EventRounds "5"]
[EventCountry "CAN"]

1. e4 e6 2. d4 d5 3. Nc3 dxe4 4. Nxe4 Nf6 5. Bg5 Be7 6. Bxf6 Bxf6 7. Nf3 Bd7 8. Bd3 Bc6 9. c3 Nd7 10. O-O O-O 11. Qe2 Re8 12. Rfe1 g6 13. Rad1 Bxe4 14. Qxe4 c6 15. g3 Qc7 16. c4 Bg7 17. Bf1 Qa5 18. a3 Nf6 19. Qc2 Rad8 20. Rd3 Qc7 21. Bg2 Re7 22. Qa4 a6 23. Red1 Nd7 24. Qb4 Ree8 25. d5 cxd5 26. cxd5 exd5 27. Rxd5 Nb6 28. R5d2 Rxd2 29. Rxd2 Qc1+ 30. Bf1 Qc6 31. Nd4 Qc7 32. Rd1 Nd7 33. Bg2 b6 34. Qa4 Bxd4 35. Qxd4 Nc5 36. Qd6 Ne6 37. Qxc7 Nxc7 38. Bc6 Re6 39. Bf3 Kg7 40. Kg2 a5 41. Rc1 Nb5 42. Rc6 Nd4 43. Rxe6 fxe6 44. Be4 Kf6 45. f3 h6 46. Kf2 g5 47. Ke3 e5 48. Kd3 Ke6 49. Kc4 Kd6 50. Bb7 Ne6 51. Kb5 Kc7 52. Be4 Nc5 53. Bc2 Ne6 54. Be4 Nc5 55. Bf5 Nb7 56. Be4 Nd6+ 57. Ka6 g4 58. Bd5 gxf3 59. Bxf3 e4 60. Be2 Kc6 61. g4 e3 62. h4 Kc5 63. g5 hxg5 64. hxg5 Nf5 65. g6 Ng7 66. b4+ axb4 67. axb4+ Kxb4 68. Kxb6 Kc3 69. Kc6 Kd2 70. Ba6 e2 71. Bxe2 Kxe2 72. Kd7 Kf3 73. Ke7 Kg4 74. Kf7 Nh5 75. g7 Nxg7 1/2-1/2

[Event "Manitoba op"]
[Site "Winnipeg CAN"]
[Date "2025.05.11"]
[Round "4.6"]
[White "Zhou, Joe"]
[Black "Babb, Jeff"]
[Result "1/2-1/2"]
[WhiteElo "1894"]
[BlackElo "2036"]
[WhiteFideId "-1"]
[WhiteFideId "-1"]
[PlyCount "60"]
[GameId "2183595120110091"]
[EventDate "2025.05.09"]
[EventType "swiss"]
[EventRounds "5"]
[EventCountry "CAN"]

1. Nf3 Nf6 2. c4 c5 3. Nc3 Nc6 4. d4 cxd4 5. Nxd4 e6 6. e3 Bb4 7. Nxc6 bxc6 8. Bd2 O-O 9. Be2 d5 10. a3 Bxc3 11. Bxc3 Ne4 12. Qd4 Nxc3 13. Qxc3 a5 14. O-O Qf6 15. Qxf6 gxf6 16. b4 dxc4 17. Bxc4 Ba6 18. Bxa6 Rxa6 19. bxa5 Rxa5 20. Rfc1 Rfa8 21. Rxc6 Rxa3 22. Rxa3 Rxa3 23. g3 f5 24. h4 Kg7 25. Kg2 h6 26. Kf3 Ra4 27. Rb6 Rc4 28. Ra6 Rb4 29. Rc6 Ra4 30. Rb6 Rc4 1/2-1/2

[Event "Manitoba op"]
[Site "Winnipeg CAN"]
[Date "2025.05.11"]
[Round "4.8"]
[White "Hui, Zelus"]
[Black "Pottinger, Carl"]
[Result "1/2-1/2"]
[WhiteElo "1829"]
[BlackElo "1781"]
[WhiteFideId "-1"]
[WhiteFideId "-1"]
[PlyCount "69"]
[GameId "2183595120110092"]
[EventDate "2025.05.09"]
[EventType "swiss"]
[EventRounds "5"]
[EventCountry "CAN"]

1. c4 e5 2. g3 Bc5 3. Bg2 d6 4. Nc3 a6 5. e3 Nc6 6. Nge2 Ba7 7. O-O h5 8. h4 g5 9. hxg5 Qxg5 10. d4 h4 11. dxe5 hxg3 12. Nxg3 Qh4 13. Re1 Nxe5 14. b3 Qh2+ 15. Kf1 Bh3 16. Bxh3 Rxh3 17. Nce4 O-O-O 18. Bb2 f5 19. Ng5 Rxg3 20. fxg3 Ng4 21. Qf3 Kb8 22. Bd4 Qh6 23. Bxa7+ Kxa7 24. Qf4 Qh1+ 25. Ke2 Qg2+ 26. Kd3 Qb2 27. Qd4+ Qxd4+ 28. exd4 Nf2+ 29. Kc2 Nf6 30. Re7 Rg8 31. Rf1 N6g4 32. Nf7 Rg7 33. Rfe1 Ne4 34. R7xe4 fxe4 35. Rxe4 1/2-1/2

[Event "Manitoba op"]
[Site "Winnipeg CAN"]
[Date "2025.05.11"]
[Round "4.9"]
[White "Wang, Lucas"]
[Black "Gres, Yakiv"]
[Result "0-1"]
[WhiteElo "1802"]
[BlackElo "2006"]
[WhiteFideId "-1"]
[WhiteFideId "-1"]
[PlyCount "56"]
[GameId "2183595120110093"]
[EventDate "2025.05.09"]
[EventType "swiss"]
[EventRounds "5"]
[EventCountry "CAN"]

1. d4 Nf6 2. c4 e6 3. Nc3 Bb4 4. Nf3 O-O 5. Bg5 c5 6. Bxf6 Qxf6 7. e3 Nc6 8. Be2 d5 9. cxd5 exd5 10. O-O Bxc3 11. bxc3 c4 12. e4 dxe4 13. Nd2 Qg6 14. Nxc4 Bh3 15. Ne3 Rad8 16. Ng4 Bxg2 17. Kxg2 h5 18. Kh1 hxg4 19. Bxg4 Ne5 20. Be2 Qc6 21. Qc1 Nd3 22. Bxd3 exd3+ 23. f3 Rc8 24. Rg1 Qxf3+ 25. Rg2 Rfe8 26. Kg1 Re2 27. Rxe2 dxe2 28. Rb1 Rc6 0-1

[Event "Manitoba op"]
[Site "Winnipeg CAN"]
[Date "2025.05.11"]
[Round "4.10"]
[White "Minano, John"]
[Black "Miao, Yupeng"]
[Result "1-0"]
[WhiteElo "1772"]
[BlackElo "1773"]
[WhiteFideId "-1"]
[WhiteFideId "-1"]
[PlyCount "55"]
[GameId "2183595120110094"]
[EventDate "2025.05.09"]
[EventType "swiss"]
[EventRounds "5"]
[EventCountry "CAN"]

1. Nf3 d5 2. g3 Nf6 3. Bg2 g6 4. O-O Bg7 5. d3 O-O 6. Nbd2 c6 7. e4 dxe4 8. dxe4 Bg4 9. h3 Bxf3 10. Qxf3 Nbd7 11. Qe2 e5 12. Nc4 Qc7 13. a4 b5 14. axb5 cxb5 15. Ne3 Rab8 16. Ng4 Nxg4 17. hxg4 Rfc8 18. c3 a5 19. Be3 b4 20. cxb4 Rxb4 21. Rfc1 Qb7 22. Rxc8+ Qxc8 23. Rxa5 Qb8 24. Ra2 Nb6 25. Bxb6 Qxb6 26. Qc2 Qe6 27. Ra8+ Bf8 28. Qc5 1-0

[Event "Manitoba op"]
[Site "Winnipeg CAN"]
[Date "2025.05.11"]
[Round "5.1"]
[White "Jodar, Marlon"]
[Black "Anderson, Collin"]
[Result "1-0"]
[WhiteElo "2317"]
[BlackElo "2251"]
[WhiteFideId "-1"]
[WhiteFideId "-1"]
[PlyCount "69"]
[GameId "2183595120110095"]
[EventDate "2025.05.09"]
[EventType "swiss"]
[EventRounds "5"]
[EventCountry "CAN"]

1. e4 c5 2. Nf3 Nc6 3. d4 cxd4 4. Nxd4 Nf6 5. Nc3 e5 6. Ndb5 d6 7. Bg5 a6 8. Na3 b5 9. Nd5 Be7 10. Bxf6 Bxf6 11. c3 Rb8 12. Nc2 Bg5 13. Bd3 O-O 14. O-O Ne7 15. Ncb4 Bb7 16. Nxe7+ Qxe7 17. Bc2 Kh8 18. Nd5 Qe6 19. a4 bxa4 20. Rxa4 Rfc8 21. Nb4 Be7 22. Bb3 Qg6 23. Bd5 Bxd5 24. Qxd5 Rc5 25. Qd3 d5 26. Nxa6 dxe4 27. Qxe4 f5 28. Qf3 e4 29. Qg3 Re8 30. Qxg6 hxg6 31. Nxc5 Bxc5 32. Rc4 Re5 33. b4 Be7 34. Rb1 f4 35. Kf1 1-0

[Event "Manitoba op"]
[Site "Winnipeg CAN"]
[Date "2025.05.10"]
[Round "5.2"]
[White "Nagelberg, Alan"]
[Black "Klusa, Mark"]
[Result "0-1"]
[WhiteElo "2035"]
[BlackElo "2074"]
[WhiteFideId "-1"]
[WhiteFideId "-1"]
[PlyCount "66"]
[GameId "2183595120118288"]
[EventDate "2025.05.09"]
[EventType "swiss"]
[EventRounds "5"]
[EventCountry "CAN"]

1. c4 c6 2. e4 d5 3. cxd5 cxd5 4. exd5 Qxd5 5. Nc3 Qa5 6. Bc4 Nf6 7. Nf3 e6 8. O-O Be7 9. d4 O-O 10. Ne5 Nc6 11. Nxc6 bxc6 12. Qf3 Bb7 13. Re1 Qb4 14. Qd3 Nd5 15. Bd2 Qb6 16. Bb3 Ba6 17. Qe4 Bf6 18. Bc2 g6 19. Bh6 Rfe8 20. Rad1 Qxb2 21. Nxd5 cxd5 22. Qf4 Bh8 23. Bb3 Rac8 24. h4 e5 25. dxe5 Bxe5 26. Qa4 Bc4 27. f4 Bd4+ 28. Kh1 Red8 29. f5 Qf2 30. Bg5 f6 31. Bxc4 Rxc4 32. Re8+ Kf7 33. Rxd8 Rxa4 0-1

[Event "Manitoba op"]
[Site "Winnipeg CAN"]
[Date "2025.05.11"]
[Round "5.3"]
[White "Villamar, Eros"]
[Black "Stordeur, Jackson"]
[Result "0-1"]
[WhiteElo "1790"]
[BlackElo "2018"]
[WhiteFideId "-1"]
[WhiteFideId "-1"]
[PlyCount "86"]
[GameId "2183595120118289"]
[EventDate "2025.05.09"]
[EventType "swiss"]
[EventRounds "5"]
[EventCountry "CAN"]

1. e4 c5 2. Nf3 d6 3. Nc3 Nf6 4. d4 cxd4 5. Nxd4 a6 6. Be3 e5 7. Nf3 Be7 8. Be2 O-O 9. O-O Qc7 10. a4 b6 11. Nd2 Be6 12. Bd3 Nbd7 13. Qe2 Qb7 14. h3 d5 15. exd5 Nxd5 16. Nxd5 Bxd5 17. f3 Nc5 18. Kh1 Nxd3 19. Qxd3 Rfd8 20. Qe2 Rac8 21. c3 f5 22. Rfb1 Bf6 23. Qf2 Rd6 24. a5 bxa5 25. Rxa5 Be6 26. Bc5 Rd5 27. c4 Rd7 28. b4 Rcd8 29. Ra2 Kh8 30. Qe2 Bf7 31. Nb3 Rd3 32. Rc2 Bh5 33. Rd2 Rxd2 34. Nxd2 e4 35. Qf2 Qd7 36. Be3 Bc3 37. Nb3 exf3 38. Nc5 Qc8 39. gxf3 f4 40. Bxf4 Qxh3+ 41. Qh2 Bxf3+ 42. Kg1 Bd4+ 43. Be3 Bxe3+ 0-1